000 00620nam a22002417a 4500
003 UA-OsUOA
001 25043
007 ta
008 20040310b un ||||| |||| 00| 0 ukr d
090 _a347.23(035)
_bС55
942 _cBK
040 _aUA-OsUOA
_brus
_cUA-OsUOA
_dUA-OsUOA
245 _aСобственность граждан
_bЮридический справочник
_cРед. М.Малюк
300 _a552 с.
955 _a0
041 _arus
080 _a347.23(035)
020 _a966-504-175-4
260 _aКиев
_bГенеза
_c1997
044 _aRU
650 7 _2UDC
999 _c311334
_d311334